000 nam a22 7a 4500
999 _c9390
_d9390
008 180129b ||||| |||| 00| 0 eng d
100 _aBernier,F.
_95620
245 _aBernier's Travels in the mogul Empire
260 _aUSA
_bRoss & Berry
_c2001